00448nam a2200193Ia 4500003000900000008004100009040001300050040001300063041000800076100001900084245005900103250001200162260000800174260000900182300001100191300001000202490003600212490000600248IT-RoPAU120407s9999 xx 000 0 und d aIT-RoPAU cIT-RoPAU aita aEmanuela Ghini aLettere di Paolo ai Tessalonicesi. Commento pastorale. aBologna aEDB c1980 a447 p. c24 cm aLettura pastorale della Bibbia. v1